Southville International School and Colleges
Your cart is empty.
  • Cart
  • Lists
    Public lists Eva Luna New books Lux_list list_1
    Your lists Log in to create your own lists
  • Log in to your account
  • Your cookies
  • Search history
Southville International School and Colleges
  • Advanced search
  • Recent comments
  • Most popular
  • Libraries

Log in to your account

Log in with GOOGLE


If you do not have an external account, but do have a local account, you can still log in:

  1. Home
  2. MARC view: Internet surf and turf-revealed :
Normal view MARC view ISBD view

Internet surf and turf-revealed : (Record no. 290834)

[ view plain ]
MARC details
000 -LEADER
fixed length control field 00917nam a2200289Ia 4500
008 - FIXED-LENGTH DATA ELEMENTS--GENERAL INFORMATION
fixed length control field 160216s9999 xx 000 0 und d
020 ## - INTERNATIONAL STANDARD BOOK NUMBER
International Standard Book Number 1-4188-6006-9
050 ## - LIBRARY OF CONGRESS CALL NUMBER
Classification number ComSc ZA 4201
050 ## - LIBRARY OF CONGRESS CALL NUMBER
Item number .W39 2006
100 ## - MAIN ENTRY--PERSONAL NAME
Personal name Waxer, Barbara M.
245 ## - TITLE STATEMENT
Title Internet surf and turf-revealed :
245 ## - TITLE STATEMENT
Remainder of title the essential guide to copyright, fair use, and finding media /
245 ## - TITLE STATEMENT
Statement of responsibility, etc Barbara M. Waxer, Marsha L. Baum.
260 ## - PUBLICATION, DISTRIBUTION, ETC. (IMPRINT)
Place of publication, distribution, etc Boston, Massachusetts :
260 ## - PUBLICATION, DISTRIBUTION, ETC. (IMPRINT)
Name of publisher, distributor, etc Thomson Course Technology.
260 ## - PUBLICATION, DISTRIBUTION, ETC. (IMPRINT)
Date of publication, distribution, etc 2006
300 ## - PHYSICAL DESCRIPTION
Extent 174 pages :
300 ## - PHYSICAL DESCRIPTION
Other physical details col. ill. ;
300 ## - PHYSICAL DESCRIPTION
Dimensions 19 cm.
500 ## - GENERAL NOTE
General note Includes index.
650 ## - SUBJECT ADDED ENTRY--TOPICAL TERM
Topical term or geographic name as entry element Copyright and electronic data processing --
650 ## - SUBJECT ADDED ENTRY--TOPICAL TERM
Topical term or geographic name as entry element Fair use (Copyright) --
650 ## - SUBJECT ADDED ENTRY--TOPICAL TERM
Topical term or geographic name as entry element Internet searching.
650 ## - SUBJECT ADDED ENTRY--TOPICAL TERM
Topical term or geographic name as entry element Multimedia systems.
650 ## - SUBJECT ADDED ENTRY--TOPICAL TERM
General subdivision United States.
650 ## - SUBJECT ADDED ENTRY--TOPICAL TERM
General subdivision United States. 5. Internet -- Law and legislation -- United States.
Holdings
Withdrawn status Lost status Damaged status Home library Current library Shelving location Date acquired Cost, normal purchase price Total Checkouts Full call number Barcode Date last seen Price effective from Koha item type
      South Mansfield College South Mansfield College Reserve Section   2.00   ComSc ZA 4201 .W39 2006 SMC03423 02/16/2016 02/16/2016  

Internet surf and turf-revealed :

APA

Waxer B. M., .Internet surf and turf-revealed. Boston, Massachusetts: .

Chicago

Waxer Barbara M, .Internet surf and turf-revealed. Boston, Massachusetts: .

Harvard

Waxer B. M., .Internet surf and turf-revealed. Boston, Massachusetts: .

MLA

Waxer Barbara M, .Boston, Massachusetts: . .

  • Place hold
  • Print
  • Cite
  • Add to your cart (remove)
  • Save record
    BIBTEX Dublin Core MARCXML MARC (non-Unicode/MARC-8) MARC (Unicode/UTF-8) MARC (Unicode/UTF-8, Standard) MODS (XML) RIS
  • More searches
    Search for this title in:
    Other Libraries (WorldCat) Other Databases (Google Scholar) Online Stores (Bookfinder.com) Open Library (openlibrary.org)

Exporting to Dublin Core...

SOUTHVILLE LIBRARY

Southville International School and Colleges Library

1281 Tropical Ave. Cor. Luxembourg St., BF Homes International, Las Pinas City

Tel. No. 8256374 / 252358 Loc. 117/146

Powered by Koha